00373nam a2200133Ia 4500008004100000020001800041041000800059082001600067100001800083245007900101250000600180260004200186300001100228210716s2011 xx 000 0 und d a9788120343160 aeng a658.15 WANX aWang, Xiaohu. aFinancial management in the public sector: tools, applications, and cases. a2 aNew DelhibPHI Learning Pvt Ltdc2011 axx,227